Strzelcy bramek w meczach 1/8 Pucharu Polski . - Statystyki

Ogólne statystyki
  • Ten quiz został rozwiązany 8 razy
  • Średni wynik to 11 z 24
Statystyki odpowiedzi
Mecz Piłkarz % Poprawnych
Raków Częstochowa - Górnik Zabrze 2:0 Ivi
88%
Raków Częstochowa - Górnik Zabrze 3:2 Ivi
88%
ŁKS Łódź - Legia Warszawa 2:3 Pekhart
88%
ŁKS Łódź - Legia Warszawa 0:1 Slisz
75%
Raków Częstochowa - Górnik Zabrze 1:0 Gutkovskis
63%
ŁKS Łódź - Legia Warszawa 1:2 Luquinhas
63%
Puszcza Niepołomice - Lechia Gdańsk 1:1 (bramka samobójcza) Nalepa
63%
Radomiak Radom - Lech Poznań 1:1 Puchacz
63%
Puszcza Niepołomice - Lechia Gdańsk 0:1 Ceesay
50%
Raków Częstochowa - Górnik Zabrze 2:1 Jimenez
50%
Raków Częstochowa - Górnik Zabrze 2:2 Jimenez
50%
ŁKS Łódź - Legia Warszawa 1:1 Sobociński
50%
Raków Częstochowa - Górnik Zabrze 4:2 Jach
38%
Warta Poznań - Cracovia 0:1 Rivaldinho
38%
Pogoń Szczecin - Piast Gliwice 0:1 Chrapek
25%
Puszcza Niepołomice - Lechia Gdańsk 3:1 Cikos
25%
Arka Gdynia - Górnik Łęczna 1:0 Deja
25%
ŁKS Łódź - Legia Warszawa 2:2 Janczukowicz
25%
Arka Gdynia - Górnik Łęczna 2:1 Marcjanik
25%
Arka Gdynia - Górnik Łęczna 1:1 Śpiączka
25%
Puszcza Niepołomice - Lechia Gdańsk 2:1 Tomalski
25%
Pogoń Szczecin - Piast Gliwice 0:2 Winciersz
25%
Pogoń Szczecin - Piast Gliwice 1:2 Zahovic
25%
Radomiak Radom - Lech Poznań 1:0 Radecki
13%
Nie znaleziono quizów pasujących do podanych kryteriów
Rozkład punktacji
Procent ludzi z każdym wynikiem
Percentyl według liczby udzielonych odpowiedzi
Twoja historia wyników
Nie rozwiązałeś tego quizu